000 00679nam a2200241Ia 4500
003 OSt
005 20220927105420.0
006 a|||||r|||| 00| 0
007 ta
008 220926b |||||||| |||| 00| 0 eng d
024 _a169352
037 _cReference Collections
040 _aRTL
_cRTL
_beng
041 _2eng
_aeng
082 _a"X:77.6.N70s, N1/7"
110 _aUnited Nations
245 0 _a"Survey of Economic Conditions in Africa, 1970"
260 _aNew
_bYork United Nations
_c1971
300 _a355p.
_ccm.
700 _aUnited Nations
942 _h"X:77.6.N70s, N1/7"
_cCC
999 _c692422
_d692422